000 00488nmm a2200169Ia 4500
008 251105s9999||||xx |||||||||||||||||und||
020 _a9788499401966
041 _aspa
100 _aMoya Pellitero, Ana Mª
245 0 _aLa percepción del paisaje urbano
264 _a[Madrid, España] :
_bBiblioteca Nueva,
_c2011
300 _a398 páginas
490 _aPaisaje y teoría
650 _aCultural Studies
856 _uhttps://public.digitaliapublishing.com/a/12859
942 _cCF
999 _c92620
_d92620